| 000 | 01097cam a22003017a 4500 | ||
|---|---|---|---|
| 003 | CHAP | ||
| 005 | 20220329133757.0 | ||
| 008 | 971013s1982 ph a r 00010 eng d | ||
| 010 | _a10734 | ||
| 011 | _a11706 | ||
| 035 | _a10945 | ||
| 040 | _cCHAP | ||
| 082 | 0 | 4 |
_a633.18 _bC42 |
| 100 | 0 | 0 |
_aChadler, Robert F., Jr. _921713 |
| 245 | 1 | 3 |
_aAn adventure in applied science : _ba history of the international rice research institute _c/por Robert F., Jr. Chadler |
| 260 |
_aManila : _bInternational Rice Research Institute, _c1982 |
||
| 300 |
_a233 p. : _bilus. |
||
| 590 |
_aBATCH-UPD _b10 _c20130110 _lUCH01 _h2126 |
||
| 590 |
_aBATCH-UPD _b10 _c20130410 _lUCH01 _h1435 |
||
| 590 |
_aBATCH-UPD _b10 _c20130914 _lUCH01 _h0407 |
||
| 590 |
_aCONVERSION _b10 _c20130109 _lUCH01 _h1307 |
||
| 650 | 1 | 4 |
_aArroz _xInvestigación. _97624 |
| 901 | _aBK | ||
| 942 | _cLIBRO | ||
| 949 |
_a633.18 C42 _bBC _cLIBRO _d33724000209342 _eLIBRO _h68306 _i10945 _si |
||
| 949 |
_a633.18 C42 _bBC _cLIBRO _d33724000209359 _eLIBRO _fc.2 _h68307 _i10945 _si |
||
| 949 |
_a633.18 C42 _bBC _cLIBRO _d33724000209367 _eLIBRO _fc.3 _h68308 _i10945 _si |
||
| 999 |
_c10734 _d10734 |
||